Normal view
MARC view
- EDITED BY: DRAPER, R.P
Entry Personal Name
001 - CONTROL NUMBER
- control field: 50
003 - CONTROL NUMBER IDENTIFIER
- control field: JO-AjAnu
005 - DATE AND TIME OF LATEST TRANSACTION
- control field: 20230606070317.0
008 - FIXED-LENGTH DATA ELEMENTS
- fixed length control field: 230606|| aca||aabn | a|a d
040 ## - CATALOGING SOURCE
- Original cataloging agency: JO-AjAnu
- Transcribing agency: JO-AjAnu
100 ## - HEADING--PERSONAL NAME
- Personal name: EDITED BY: DRAPER, R.P
670 ## - SOURCE DATA FOUND
- Source citation: Work cat.: (JO-AjAnu)29: EDITED BY: DRAPER, R.P, author, Tragedy Developments in Criticism